Атлас литолого-палеографических карт палеозоя и мезозоя Северного Приуралья : (Record no. 435292)
[ view plain ]
| 000 -LEADER | |
|---|---|
| fixed length control field | 01702nem a2200241 i 4500 |
| 003 - CONTROL NUMBER IDENTIFIER | |
| control field | AM-YeHGA |
| 040 ## - CATALOGING SOURCE | |
| Original cataloging agency | AM-YeHGA |
| 090 ## - LOCALLY ASSIGNED LC-TYPE CALL NUMBER (OCLC); LOCAL CALL NUMBER (RLIN) | |
| -- | 437922 |
| 005 - DATE AND TIME OF LATEST TRANSACTION | |
| control field | 20250617155603.0 |
| 008 - FIXED-LENGTH DATA ELEMENTS--GENERAL INFORMATION | |
| fixed length control field | 181102s1972 ru a gr 000|0 rus|| |
| 041 ## - LANGUAGE CODE | |
| Language code of text/sound track or separate title | rus |
| 130 0# - MAIN ENTRY--UNIFORM TITLE | |
| Uniform title | Северное Приуралье. |
| Form subheading | Атлас |
| 245 00 - TITLE STATEMENT | |
| Title | Атлас литолого-палеографических карт палеозоя и мезозоя Северного Приуралья : |
| Medium | [Карты] / |
| Statement of responsibility, etc. | Акад. наук СССР, Коми филиал ; Ин-т геологии ; отв. ред. В.А. Чермных. |
| 255 ## - CARTOGRAPHIC MATHEMATICAL DATA | |
| Statement of scale | 1:2 500 000, 25 км в 1 см |
| 260 ## - PUBLICATION, DISTRIBUTION, ETC. | |
| Place of publication, distribution, etc. | Ленинград : |
| Name of publisher, distributor, etc. | "Наука" Ленингр. отд-ние, |
| Date of publication, distribution, etc. | 1972. |
| 300 ## - PHYSICAL DESCRIPTION | |
| Extent | 1 атл. (3, 46 л. в папке) : |
| Other physical details | цв. карты ; |
| Dimensions | 45x27 см + |
| Accompanying material | прил. (106 с.) |
| 525 ## - SUPPLEMENT NOTE | |
| Supplement note | История геологического развития Северного Приуралья в палеозое и мезозое (Объяснит. записка) |
| 650 14 - SUBJECT ADDED ENTRY--TOPICAL TERM | |
| Topical term or geographic name entry element | Науки о Земле (геодезические, геофизические, геологические и географические науки) -- Геодезические науки. Картография -- Картографические произведения -- Карты природных явлений (физико - географические карты) -- Геологические карты -- Северное Приуралье |
| 650 14 - SUBJECT ADDED ENTRY--TOPICAL TERM | |
| Topical term or geographic name entry element | Северное Приуралье |
| 700 1# - ADDED ENTRY--PERSONAL NAME | |
| Relationship | edt |
| Personal name | Чермны, В. А. |
| Relator term | ред. |
| 710 2# - ADDED ENTRY--CORPORATE NAME | |
| Corporate name or jurisdiction name as entry element | Акад. наук СССР. |
| Subordinate unit | Коми филиал |
| 942 ## - ADDED ENTRY ELEMENTS (KOHA) | |
| Source of classification or shelving scheme | Universal Decimal Classification |
| Koha item type | Գրքեր / Books |
| Withdrawn status | Lost status | Damaged status | Not for loan | Collection | Home library | Current library | Date acquired | Total checkouts | Full call number | Barcode | Date last seen | Price effective from | Koha item type | Public note |
|---|---|---|---|---|---|---|---|---|---|---|---|---|---|---|
| General | Fundamental Scientific Library | Fundamental Scientific Library | 14/08/2019 | РIV/870 | FL0593793 | 14/08/2019 | 14/08/2019 | Գրքեր / Books | 30 Days Loan | |||||
| General | Fundamental Scientific Library | Fundamental Scientific Library | 15/08/2019 | РIV/876 | FL0593799 | 15/08/2019 | 15/08/2019 | Գրքեր / Books | 30 Days Loan |
ՀՀ Գիտությունների ազգային ակադեմիայի հիմնարար գիտական գրադարան = Fundamental Scientific Library of NAS RA
All site content, except where otherwise noted, is licensed under a